000 00312cam a22001217a 4500
008 180718b1970 xxu||||| |||| 00| 0 eng d
082 _aT1 Se55
245 _aGrowth economics
_cedited by Amartya Sen
260 _aMiddlesex
_bPenguinBooks
_c1970
300 _a549p.
650 _aEconomics
700 _aSen, Amartya
999 _c340070
_d340070